000 00264nam a2200121Ia 4500
005 20251223000719.0
008 251222s9999||||xx |||||||||||||| ||spa||
082 _a346/U61/Ej.2
245 0 _aGuía Financiera
250 _a1ra.ed.
264 _bUCSS
942 _cLIB
999 _c41569
_d41569